<?xml version="1.0" encoding="UTF-8"?>
<marc:record xmlns:marc="http://www.loc.gov/MARC21/slim">
   <marc:leader>00000nam a2200000 a 4500</marc:leader>
   <marc:datafield ind1="1" ind2=" " tag="100">
      <marc:subfield code="a">Osborne, Mary Pope</marc:subfield>
      <marc:subfield code="4">aut</marc:subfield>
      <marc:subfield code="e">Verfasser/-in</marc:subfield>
   </marc:datafield>
   <marc:datafield ind1="0" ind2="0" tag="245">
      <marc:subfield code="a">Die Macht der Magie</marc:subfield>
   </marc:datafield>
   <marc:datafield ind1="0" ind2="0" tag="245">
      <marc:subfield code="b">Sammelband</marc:subfield>
   </marc:datafield>
   <marc:datafield ind1=" " ind2="1" tag="264">
      <marc:subfield code="b">Löwe</marc:subfield>
      <marc:subfield code="c">2018</marc:subfield>
   </marc:datafield>
   <marc:datafield ind1="1" ind2=" " tag="490">
      <marc:subfield code="a">Das magische Baumhaus</marc:subfield>
   </marc:datafield>
   <marc:datafield ind1="1" ind2=" " tag="520">
      <marc:subfield code="a">Der mächtige Zauberer Merlin schickt Anne und Philipp mit einem magischen Buch an rätselhafte Orte der Vergangenheit. Auf ihrer Mission sollen die beiden beweisen, dass sie die ihnen anvertraute Zauberei klug einsetzen können. Im alten Venedig müssen die Geschwister die bedeutsame Stadt vor einem großen Unglück bewahren und in der Wüste sollen sie dem Kalifen einen Schatz überreichen. Schaffen es Anne und Philipp Merlins schwierigen Auftrag zu erfüllen? </marc:subfield>
   </marc:datafield>
   <marc:datafield ind1=" " ind2=" " tag="020">
      <marc:subfield code="a">9783743202146</marc:subfield>
      <marc:subfield code="9">9783743202146</marc:subfield>
   </marc:datafield>
</marc:record>
